000 00451nam a22001697a 4500
003 BD-ChCU
005 20251209113617.0
008 251209b bg ||||| |||| 00| 0 ben d
040 _cBD-ChCU
082 _aJ 500 STS
100 _aStepp, Ann
_917789
245 _aSetting up a science project.//
_cAnn, Stepp.
260 _aEnglewood Cliffs.
_bPrentice-Hall
_c1966
300 _avii, 56p
650 0 _aScience Project.
_917791
942 _2ddc
_cBK
_n0
999 _c110272
_d110272